000 01122cam a22003377a 4500
003 CHAP
005 20220329133459.0
008 971013s1992 r 00010 d
010 _a6868
011 _a7840
035 _a7065
040 _cCHAP
082 _a301.242
_bE8
100 0 0 _aEsteve Díaz, Hugo
_ecoord.
_938306
245 1 4 _aLos movimientos sociales urbanos un reto para la modernización
260 _aMéxico, D.F. :
_bInstituto de Proposiciones Estratégicas. A.C.,
_c1992
300 _a239 p
590 _aBATCH-UPD
_b10
_c20130109
_lUCH01
_h2312
590 _aBATCH-UPD
_b10
_c20130110
_lUCH01
_h1048
590 _aBATCH-UPD
_b10
_c20130409
_lUCH01
_h1831
590 _aBATCH-UPD
_b10
_c20130410
_lUCH01
_h0646
590 _aBATCH-UPD
_b10
_c20130914
_lUCH01
_h1326
590 _aCONVERSION
_b10
_c20130109
_lUCH01
_h1305
650 1 4 _aMéxico
_xCondiciones sociales.
_976730
650 1 4 _aMovimientos sociales.
_979169
650 1 4 _aSindicatos
_zMéxico.
_9106574
650 1 4 _aUrbanismo.
_9116824
901 _aBK
942 _cLIBRO
949 _a301.242 E8
_bBC
_cLIBRO
_d33724000292066
_eLIBRO
_h84241
_i7065
_mD
_si
999 _c6868
_d6868